000 00754nas a2200241 4500
001 BR7800480
003 BR-BrBNA
005 20231205083308.0
007 ta
008 230509b bl.|||p| |||| 00| 00por d
040 _aBR-BrBNA
_bpor
_cBiblioteca Nacional de Agricultura
041 _a(Pt)
072 _aH20
100 1 _aFigueiredo, J.M.
100 1 _aMedeiros, A.G.
245 1 _aAlguns fungos antagonicos a Phytophthora palmivora (Butl.)Butl. em plantacoes de cacau [podridao parda, Theobroma cacao]
650 _aCACAU
650 _aPODRIDAO PARDA
650 _aCONTROLE BIOLOGICO
773 0 _tFitopatologia Brasileira (Brazil)
_x
_g(Feb 1977), v. 2(1) p. 75
_wBR7800480
909 _a202311
_bLúcia
_c55
_dLúcia Elande
942 _2AGRIS
_n0
_cANA
999 _c97792
_d97792